UM Logo

Broadcast-based distance learning systems / (Record no. 20101)

MARC details
000 -LEADER
fixed length control field 00654nam a22001817a 4500
008 - FIXED-LENGTH DATA ELEMENTS--GENERAL INFORMATION
fixed length control field 240408b ||||| |||| 00| 0 eng d
020 ## - INTERNATIONAL STANDARD BOOK NUMBER
International Standard Book Number 9715420524
082 ## - DEWEY DECIMAL CLASSIFICATION NUMBER
Classification number DFil 371.35
Item number F65b 1995
100 ## - MAIN ENTRY--PERSONAL NAME
Personal name Flor, Alexander G.
9 (RLIN) 56395
245 ## - TITLE STATEMENT
Title Broadcast-based distance learning systems /
Statement of responsibility, etc. Alexander G. Flor.
260 ## - PUBLICATION, DISTRIBUTION, ETC. (IMPRINT)
Place of publication, distribution, etc. Quezon City :
Name of publisher, distributor, etc. University of the Philippines Press,
Date of publication, distribution, etc. ©1995.
300 ## - PHYSICAL DESCRIPTION
Extent xvii, 193 pages :
Other physical details illustrations ;
Dimensions 23 cm.
500 ## - GENERAL NOTE
General note Includes references, appendices, and index.
650 ## - SUBJECT ADDED ENTRY--TOPICAL TERM
Topical term or geographic name as entry element Educational broadcasting.
9 (RLIN) 56407
650 ## - SUBJECT ADDED ENTRY--TOPICAL TERM
Topical term or geographic name as entry element Radio in education.
9 (RLIN) 56408
650 ## - SUBJECT ADDED ENTRY--TOPICAL TERM
Topical term or geographic name as entry element Distance education.
9 (RLIN) 21585
942 ## - ADDED ENTRY ELEMENTS (KOHA)
Source of classification or shelving scheme Dewey Decimal Classification
Koha item type Filipiniana
Holdings
Withdrawn status Lost status Source of classification or shelving scheme Damaged status Not for loan Collection code Home library Current library Date acquired Source of acquisition Total Checkouts Full call number Barcode Date last seen Price effective from Koha item type
    Dewey Decimal Classification     Filipiniana UM Digos College - LIC UM Digos College - LIC 11/30/2004 Purchased   DFil 371.35 F65b 1995 18011 05/15/2025 04/08/2024 Filipiniana